000 00513nam a2200193 a 4500
001 1770118679749
003 YourLibrary
005 20260203171020.0
008 260203s2009##################000#0#eng##
020 _a9781403934284
082 0 4 _a302.234
_bLOR
100 1 _aLorenzo-Dus, Nuria,
_eauthor.
245 1 0 _aTelevision Discourse :
260 _bRed Globe Press,
_c2009.
300 _a252 pages
650 0 _aLanguage Arts & Disciplines.
942 _cENGLISH
040 _aYourLibrary
_beng
_cYourLibrary
999 _c610120
_d610120